Személyre szabott szolgáltatások a légi közlekedésben, az Emirates Experience

Bibliographic Details
Main Author: Girán Katalin
Other Authors: Totth Dr. Gedeon
Format: Thesis
Kulcsszavak:légitársaság
Emirates
szolgáltatás
légi közlekedés
Online Access:http://dolgozattar.uni-bge.hu/4637

MARC

LEADER 00000nta a2200000 i 4500
001 dolg4637
005 20160525083102.0
008 151214suuuu hu om 000 hun d
040 |a BGE Dolgozattár Repozitórium  |b hun 
041 |a hu 
100 1 |a Girán Katalin 
245 1 0 |a Személyre szabott szolgáltatások a légi közlekedésben, az Emirates Experience   |c Girán Katalin  |h [elektronikus dokumentum] 
695 |a légitársaság 
695 |a Emirates 
695 |a szolgáltatás 
695 |a légi közlekedés 
700 1 |a Totth Dr. Gedeon  |e ths 
856 4 0 |u http://dolgozattar.uni-bge.hu/4637/1/Emirates_Exprience_Giran_Katalin.pdf  |z Dokumentum-elérés